000 00375nam a2200157Ia 4500
008 230524s9999 xx 000 0 und d
082 _a5.43
_bTAN
100 _aAndrew S.Tanenbaum
245 0 _aModern Opertaing Systems
250 _a2ND
260 _aNEW DELHI
_bPearson
_c2004
300 _aXXIV;951
500 _aQuantity Number: 5
650 _aComp-Sc
942 _cBK
999 _c17618
_d17618